000
00329nam a22001457a 4500
003
SGT
020
_a
978-0-07-096553-9
082
_a
621.8
_b
PAN
100
_a
PANDEY,P.C
245
_a
MODERN MACHINING PROCESSES
260
_a
CHENNAI
_b
MC-GRAW HILL
_c
2016
300
_a
168
650
_a
MECHANICAL ENGINEERING
942
_2
ddc
_c
BK
999
_c
14364
_d
14364